000 00566cam a22002053a 4500
001 44414
003 PGUSA
005 20140828084020.0
008 131212s2013||||xxu|||||s|||||000 | eng d
040 _aPGUSA
_beng
042 _adc
100 1 _aWaite, C. V.
245 1 4 _aThe Mormon Prophet and His Harem
_h[electronic resource] /
_cC. V. Waite
260 _bProject Gutenberg,
_c2013
506 _aPublic domain in the USA.
516 _aElectronic text
830 0 _aProject Gutenberg
_v44414
856 4 0 _uhttp://www.gutenberg.org/ebooks/44414
942 _cEB
999 _c273665
_d273665